Biggest Cities in the World - without Chinese Cities - Statistics

General Stats
  • This quiz has been taken 478 times
  • The average score is 124 of 160
Answer Stats
Population Country Urban Area % Correct
39,500,000 Japan Tokyo
99%
26,400,000 India Delhi
98%
28,100,000 Indonesia Jakarta
98%
23,200,000 India Mumbai
98%
22,000,000 United States New York
98%
24,400,000 South Korea Seoul
98%
16,900,000 Thailand Bangkok
97%
16,800,000 Egypt Cairo
97%
22,100,000 Mexico Mexico City
97%
16,900,000 Russia Moscow
97%
12,700,000 Brazil Rio de Janeiro
97%
9,800,000 United States Chicago
96%
14,400,000 United Kingdom London
96%
17,600,000 United States Los Angeles
96%
11,200,000 France Paris
96%
15,800,000 Argentina Buenos Aires
95%
14,300,000 Turkey Istanbul
95%
13,400,000 South Africa Johannesburg
95%
6,250,000 Spain Madrid
95%
23,300,000 Philippines Manila
95%
3,600,000 Italy Rome
95%
21,800,000 Brazil São Paulo
95%
4,900,000 Australia Sydney
95%
13,700,000 Iran Tehran
95%
7,100,000 Canada Toronto
95%
4,500,000 Germany Berlin
94%
9,350,000 Colombia Bogotá
94%
4,650,000 Spain Barcelona
93%
9,950,000 Peru Lima
93%
4,400,000 Australia Melbourne
93%
5,150,000 Italy Milan
93%
17,800,000 Japan Osaka
93%
7,600,000 United States San Francisco
93%
6,900,000 Singapore Singapore
93%
9,050,000 Taiwan Taipei
93%
3,425,000 Greece Athens
92%
6,850,000 Iraq Baghdad
92%
7,350,000 United States Boston
92%
4,125,000 South Africa Cape Town
92%
6,550,000 United States Dallas
92%
7,000,000 Malaysia Kuala Lumpur
92%
6,100,000 United States Miami
92%
5,450,000 Russia Saint Petersburg
92%
7,050,000 Chile Santiago
92%
17,600,000 Bangladesh Dhaka
91%
3,925,000 UAE Dubai
91%
6,200,000 United States Houston
91%
17,100,000 Nigeria Lagos
91%
4,675,000 Turkey Ankara
90%
2,600,000 Portugal Lisbon
90%
2,950,000 Vietnam Hanoi
89%
8,250,000 Vietnam Ho Chi Minh City
89%
6,700,000 Saudi Arabia Riyadh
89%
8,350,000 United States Washington, DC
89%
5,150,000 Egypt Alexandria
88%
2,575,000 Hungary Budapest
88%
3,000,000 United Kingdom Manchester
88%
4,100,000 Canada Montreal
88%
5,200,000 Kenya Nairobi
88%
3,850,000 Pakistan Rawalpindi
88%
2,500,000 Tunisia Tunis
88%
5,500,000 United States Atlanta
87%
24,300,000 Pakistan Karachi
87%
10,600,000 D.R. Congo Kinshasa
87%
16,000,000 India Kolkata
87%
7,300,000 United States Philadelphia
87%
2,825,000 North Korea Pyongyang
87%
2,500,000 Canada Vancouver
87%
3,675,000 Algeria Algiers
86%
3,700,000 Venezuela Caracas
86%
3,725,000 Afghanistan Kabul
86%
3,375,000 Ukraine Kiev
86%
4,150,000 Kuwait Kuwait City
86%
4,250,000 Italy Naples
86%
4,075,000 United States Seattle
86%
3,000,000 Guatemala Guatemala City
85%
2,750,000 Germany Hamburg
85%
2,550,000 Ecuador Quito
85%
2,500,000 Israel Tel Aviv-Jaffa
85%
3,125,000 United Kingdom Birmingham
84%
4,175,000 Morocco Casablanca
84%
3,475,000 Syria Damascus
84%
3,475,000 Ethiopia Addis Ababa
83%
3,825,000 Brazil Brasília
83%
5,700,000 United States Detroit
83%
3,125,000 Germany Frankfurt
83%
3,300,000 Senegal Dakar
82%
2,775,000 Nepal Kathmandu
82%
10,200,000 Pakistan Lahore
82%
4,325,000 United States Phoenix
82%
2,850,000 Haiti Port-au-Prince
82%
2,900,000 Australia Brisbane
81%
4,850,000 Germany Cologne / Dusseldorf
81%
5,550,000 Sudan Khartoum
81%
6,800,000 Angola Luanda
81%
3,275,000 United States San Diego
81%
4,575,000 Ghana Accra
80%
3,350,000 Jordan Amman
80%
10,500,000 India Bengaluru
80%
4,675,000 Sri Lanka Colombo
80%
4,975,000 Mexico Guadalajara
80%
3,650,000 Dominican R. Santo Domingo
80%
3,100,000 Netherlands Rotterdam
79%
10,000,000 India Madras
78%
9,000,000 India Hyderabad
76%
4,275,000 South Korea Pusan
76%
3,525,000 United States Denver
75%
3,800,000 Colombia Medellín
75%
4,925,000 Brazil Belo Horizonte
74%
5,300,000 Tanzania Dar es Salaam
74%
2,650,000 Uzbekistan Tashkent
74%
10,400,000 Japan Nagoya
73%
4,225,000 Saudi Arabia Jeddah
72%
3,025,000 Uganda Kampala
72%
2,825,000 Nigeria Abuja
71%
7,450,000 India Ahmedabad
71%
5,150,000 Burma Yangon
71%
3,225,000 South Africa Durban
70%
4,650,000 Mexico Monterrey
70%
3,050,000 United States Minneapolis
68%
2,500,000 Japan Sapporo
68%
4,025,000 United States Tampa
67%
2,725,000 Cameroon Yaoundé
67%
5,050,000 Côte d'Ivoire Abidjan
66%
2,950,000 Mali Bamako
65%
3,075,000 United States Orlando
65%
6,100,000 India Pune
65%
2,950,000 Turkey Izmir
64%
3,775,000 Brazil Recife
63%
2,925,000 Colombia Cali
62%
4,525,000 Bangladesh Chittagong
61%
3,075,000 United States Cleveland
61%
4,125,000 Nigeria Kano
60%
3,650,000 Brazil Salvador
59%
5,950,000 Indonesia Bandung
57%
3,000,000 Ecuador Guayaquil
57%
4,075,000 Brazil Porto Alegre
57%
4,700,000 Indonesia Surabaya
57%
3,575,000 Brazil Fortaleza
55%
3,525,000 India Jaipur
51%
5,700,000 India Surat
51%
2,725,000 United States Cincinnati
49%
3,275,000 Brazil Curitiba
47%
2,650,000 Japan Fukuoka
47%
3,325,000 India Lucknow
47%
2,975,000 Mexico Puebla
46%
2,825,000 Cameroon Douala
45%
3,950,000 Pakistan Faisalabad
43%
3,150,000 Nigeria Ibadan
43%
3,425,000 Indonesia Medan
43%
2,750,000 South Korea Daegu
42%
2,750,000 Iran Isfahan
41%
3,075,000 Iran Mashhad
38%
3,025,000 India Nagpur
33%
3,275,000 India Kanpur
31%
2,675,000 Ghana Kumasi
31%
3,050,000 Brazil Campinas
29%
2,800,000 Taiwan Kaohsiung
29%
2,775,000 India Indore
28%
2,550,000 India Bhilai
14%
No matching quizzes found
Score Distribution
Percent of People with Each Score
Percentile by Number Answered
Your Score History
You have not taken this quiz